Personnages de Shrek - Statistiques

Statistiques générales
  • Ce quiz a été pris 588 fois
  • Le résultat moyen est 18 sur 41
Statistiques - réponses
Indices Réponses % Correct
Héro de la saga : Shrek
100%
Sa femme : Fiona
99%
Compagnons : l'Âne
97%
Garçon en bois : Pinocchio
87%
Le chat potté
85%
Femme d'un des compagnons : Dragonne
84%
Animal en tenue de nuit : Le grand méchant loup
75%
Blanche Neige
71%
Cendrillon
69%
Jeune roi : Arthur
68%
Son fabriquant : Gepetto
65%
Les trois petits cochons
63%
Marraine la bonne fée
60%
Magicien : Merlin
60%
Groupe de princesses : Raiponce
60%
Prince Charmant
59%
La Belle au bois dormant
58%
Voleur des riches : Robin des bois
54%
Enfant qui ne veut pas vieillir : Peter Pan
48%
Gâteau : Ti-Biscuit
47%
Roi : Harold
46%
Son rival : Capitaine Crochet
42%
Antagonistes : Lord Farquaad
41%
Tracassin
40%
Trios d'animaux : Les trois souris aveugles
34%
Reine : Lilian
32%
Princesse issue de la même légende : Guenièvre
28%
Faux ami de ce jeune roi : Lancelot
27%
Felicia
26%
Conseiller de l'antagoniste de Shrek 1 : Le miroir magique
25%
Fergus
22%
Belles-soeurs de Cendrillon : Doris
17%
Religieux ami de ce voleur : Frère Tuck
14%
Enfants du héro : Farkle
10%
Mabel
5%
Bourreau dans Shrek 1 : Thelonious
5%
Ogres de la résistance : Brogosse
3%
Gastro
3%
Grétine
2%
Krekraw
2%
Enfant blond dans Shrek 4 : (Fais ton greuh) Pantalon-au-beurre
2%
Aucun quiz correspondant
Distribution des résultats
% des personnes avec chaque résultat
Percentile par nombre de réponses
Votre historique - résultats
Vous n’avez pas pris ce quiz